Normal view
MARC view
Entry Personal Name
001 - CONTROL NUMBER
- control field: 13592
003 - CONTROL NUMBER IDENTIFIER
- control field: BD-RjUL
005 - DATE AND TIME OF LATEST TRANSACTION
- control field: 20240924161309.0
008 - FIXED-LENGTH DATA ELEMENTS
- fixed length control field: 240924|| aca||aabn | a|a d
040 ## - CATALOGING SOURCE
- Original cataloging agency: BD-RjUL
- Transcribing agency: BD-RjUL
100 ## - HEADING--PERSONAL NAME
- Personal name: Soota, Tarun, jt. auth
670 ## - SOURCE DATA FOUND
- Source citation: Work cat.: (BD-RjUL)15652: Mishra, R. C. (Rama Chandra) 48587, Modern project management /, c2005 [Reprint 2008]